header

Chess metaphors (Record no. 160862)

MARC details
000 -LEADER
fixed length control field 01256nam a2200301Ia 4500
100 1# - MAIN ENTRY--AUTHOR NAME
Personal name Rasskin-Gutman, Diego.
245 10 - TITLE STATEMENT
Title Chess metaphors
260 ## - PUBLICATION, DISTRIBUTION, ETC. (IMPRINT)
Place of publication Cambridge, MA :
Name of publisher MIT Press,
Year of publication c2009.
300 ## - PHYSICAL DESCRIPTION
Number of Pages xx, 205 p.
650 #0 - SUBJECT ADDED ENTRY--TOPICAL TERM
Topical Term Chess
Topical Term Board games
856 40 - ELECTRONIC LOCATION AND ACCESS
Uniform Resource Identifier http://site.ebrary.com/lib/rucke/Doc?id=10326194

No items available.

© 2026 Rongo University
Contact us: librarian | system librarian | Rongo university